000 00288nam a2200109Ia 4500
008 220204s9999 xx 000 0 und d
082 _a657
_bNEW.2
245 0 _aCertificate in management accounting review. V 2
260 _aSanFrancisco
_bCarfield
_c1978
700 _aGrant W
942 _cBK
999 _c34802
_d34802